| 000 | 00429nam a2200169 a 4500 | ||
|---|---|---|---|
| 005 | 20140310183437.0 | ||
| 008 | 080313s19uu xx 00 eng d | ||
| 020 | _a0743418395 | ||
| 050 |
_aPZ 7 _b.W983 2001 |
||
| 100 | _aWylie, Jayel | ||
| 245 |
_aA Falcon's heart / _cJayel Wylie. |
||
| 260 |
_aNew York : _bSonnet Books, _c2001. |
||
| 300 |
_a436 p. : _c17 cm. |
||
| 650 | _aFiction. | ||
| 942 |
_cBK _2lcc |
||
| 999 |
_c22933 _d22933 |
||